000
00341nam a2200145Ia 4500
999
_c
10791
_d
10791
008
191201s2011 xx 000 0 und d
082
_a
658.083
_b
SHB
100
_a
SHARMA, J.K.
245
0
_a
Business Statistics
250
_a
5th
260
_a
New Delhi
_b
Vikas Pub. House
_c
2021
300
_a
759
650
_a
B Com
942
_2
ddc
_c
BK
_0
2